[Event "World Chess Olympiad 2018"]
[Site "Batumi"]
[Date "2018.10.01"]
[Round "7"]
[Board "1"]
[WhiteFideId "503142"]
[White "Nyback Tomi"]
[BlackFideId "5300118"]
[Black "Eid Fadi"]
[Result "1-0"]
[LiveChessVersion "1.4.8"]
[BlackElo "2328"]
[WhiteElo "2579"]

1. d4 {[%clk 1:30:56]} Nf6 {[%clk 1:30:33]} 2. c4 {[%clk 1:31:20]} g6
{[%clk 1:30:51]} 3. Nc3 {[%clk 1:31:45]} Bg7 {[%clk 1:31:14]} 4. e4
{[%clk 1:32:09]} d6 {[%clk 1:31:40]} 5. Be2 {[%clk 1:32:30]} O-O {[%clk 1:32:01]}
6. Be3 {[%clk 1:32:45]} Nc6 {[%clk 1:29:27]} 7. d5 {[%clk 1:32:20]} Nb8
{[%clk 1:27:13]} 8. Nf3 {[%clk 1:30:42]} c5 {[%clk 1:27:18]} 9. Nd2
{[%clk 1:30:06]} Na6 {[%clk 1:25:56]} 10. O-O {[%clk 1:27:48]} Nc7
{[%clk 1:24:25]} 11. f4 {[%clk 1:18:08]} Nd7 {[%clk 1:19:21]} 12. Nf3
{[%clk 1:08:13]} b5 {[%clk 1:13:22]} 13. cxb5 {[%clk 1:07:27]} a6
{[%clk 1:13:34]} 14. a4 {[%clk 0:58:49]} axb5 {[%clk 1:06:17]} 15. axb5
{[%clk 0:59:11]} Bb7 {[%clk 1:05:08]} 16. Qd2 {[%clk 0:40:17]} Nf6
{[%clk 0:53:14]} 17. h3 {[%clk 0:36:23]} e6 {[%clk 0:51:16]} 18. b6
{[%clk 0:27:36]} Ncxd5 {[%clk 0:42:43]} 19. exd5 {[%clk 0:27:57]} exd5
{[%clk 0:43:11]} 20. Rxa8 {[%clk 0:17:51]} Bxa8 {[%clk 0:43:06]} 21. b4
{[%clk 0:15:37]} Qe7 {[%clk 0:16:56]} 22. Rd1 {[%clk 0:03:58]} Re8
{[%clk 0:11:50]} 23. bxc5 {[%clk 0:02:51]} dxc5 {[%clk 0:12:18]} 24. Ne5
{[%clk 0:02:14]} d4 {[%clk 0:11:07]} 25. Bxd4 {[%clk 0:02:21]} cxd4
{[%clk 0:11:30]} 26. Qxd4 {[%clk 0:02:44]} Nh5 {[%clk 0:06:40]} 27. Bxh5
{[%clk 0:01:50]} gxh5 {[%clk 0:07:08]} 28. Nd5 {[%clk 0:01:33]} Qb7
{[%clk 0:03:59]} 29. Rd2 {[%clk 0:01:21]} Re6 {[%clk 0:00:32]} 30. Nc7
{[%clk 0:01:23]} Bxe5 {[%clk 0:00:38]} 31. Qd8+ 1-0

[Event "World Chess Olympiad 2018"]
[Site "Batumi"]
[Date "2018.10.01"]
[Round "7"]
[Board "2"]
[WhiteFideId "5300380"]
[White "El Jawich Amro"]
[BlackFideId "502081"]
[Black "Karttunen Mika"]
[Result "0-1"]
[LiveChessVersion "1.4.8"]
[BlackElo "2472"]
[WhiteElo "2276"]

1. e4 {[%clk 1:30:54]} c5 {[%clk 1:30:53]} 2. Nf3 {[%clk 1:31:02]} Nc6
{[%clk 1:31:14]} 3. d4 {[%clk 1:31:34]} cxd4 {[%clk 1:31:37]} 4. Nxd4
{[%clk 1:31:34]} e5 {[%clk 1:32:00]} 5. Nb5 {[%clk 1:30:54]} d6 {[%clk 1:32:18]}
6. N1c3 {[%clk 1:30:57]} a6 {[%clk 1:32:37]} 7. Na3 {[%clk 1:31:09]} b5
{[%clk 1:32:55]} 8. Nd5 {[%clk 1:30:46]} Nge7 {[%clk 1:33:14]} 9. c4
{[%clk 1:24:59]} Nxd5 {[%clk 1:33:23]} 10. exd5 {[%clk 1:17:36]} Nd4
{[%clk 1:33:43]} 11. cxb5 {[%clk 1:12:15]} Bd7 {[%clk 1:34:06]} 12. bxa6
{[%clk 0:59:51]} Qa5+ {[%clk 1:34:27]} 13. Bd2 {[%clk 0:57:49]} Qxd5
{[%clk 1:34:51]} 14. f3 {[%clk 0:56:50]} Be7 {[%clk 1:18:47]} 15. Bc4
{[%clk 0:50:26]} Bh4+ {[%clk 1:17:00]} 16. Kf1 {[%clk 0:36:44]} Bb5
{[%clk 1:12:26]} 17. Bxb5+ {[%clk 0:26:36]} Nxb5 {[%clk 1:12:50]} 18. Be1
{[%clk 0:25:48]} Qxd1 {[%clk 1:10:19]} 19. Rxd1 {[%clk 0:23:45]} Nxa3
{[%clk 1:10:43]} 20. Bxh4 {[%clk 0:23:28]} Nc4 {[%clk 1:09:04]} 21. Bf2
{[%clk 0:12:02]} Rxa6 {[%clk 1:08:52]} 22. b3 {[%clk 0:07:55]} Na3
{[%clk 1:08:30]} 23. Rc1 {[%clk 0:07:01]} Kd7 {[%clk 1:04:58]} 24. Ke2
{[%clk 0:07:25]} Rb8 {[%clk 1:02:44]} 25. Rhd1 {[%clk 0:06:05]} Ke6
{[%clk 1:02:58]} 26. Rd2 {[%clk 0:05:21]} g5 {[%clk 0:54:54]} 27. Be3
{[%clk 0:04:34]} h6 {[%clk 0:54:46]} 28. h4 {[%clk 0:03:31]} f6 {[%clk 0:54:07]}
29. h5 {[%clk 0:01:24]} d5 {[%clk 0:50:55]} 30. Bc5 {[%clk 0:01:00]} Nb5
{[%clk 0:51:09]} 31. a4 {[%clk 0:00:56]} Nd6 {[%clk 0:51:22]} 32. Bxd6
{[%clk 0:00:33]} Kxd6 {[%clk 0:51:43]} 33. Rcd1 {[%clk 0:00:32]} d4
{[%clk 0:51:23]} 34. Rd3 {[%clk 0:00:41]} Rab6 {[%clk 0:47:56]} 35. Rb1
{[%clk 0:01:02]} Rb4 {[%clk 0:48:01]} 36. a5 Ra8 37. Ra1 {[%clk 0:01:02]} Ra6
{[%clk 0:47:31]} 38. Rc1 {[%clk 0:00:36]} Rb8 {[%clk 0:46:35]} 39. b4
{[%clk 0:00:34]} Rxb4 {[%clk 0:46:32]} 40. Rc8 {[%clk 0:30:44]} Rb2+
{[%clk 0:50:26]} 41. Rd2 {[%clk 0:29:12]} Rxd2+ {[%clk 0:47:55]} 42. Kxd2
{[%clk 0:29:39]} Rxa5 {[%clk 0:43:35]} 43. g4 {[%clk 0:23:19]} Ra2+ 44. Ke1 Kd5
{[%clk 0:33:46]} 45. Rf8 {[%clk 0:17:38]} Ra6 {[%clk 0:32:35]} 46. Ke2
{[%clk 0:17:46]} e4 {[%clk 0:31:57]} 47. Rd8+ {[%clk 0:17:23]} Ke5
{[%clk 0:32:20]} 0-1

[Event "World Chess Olympiad 2018"]
[Site "Batumi"]
[Date "2018.10.01"]
[Round "7"]
[Board "3"]
[WhiteFideId "501840"]
[White "Agopov Mikael"]
[BlackFideId "5300398"]
[Black "Tomb Maroun"]
[Result "1-0"]
[LiveChessVersion "1.4.8"]
[BlackElo "2177"]
[WhiteElo "2447"]

1. e4 {[%clk 1:30:57]} d6 {[%clk 1:30:59]} 2. d4 {[%clk 1:31:20]} Nf6
{[%clk 1:31:28]} 3. Nc3 {[%clk 1:31:44]} e5 {[%clk 1:31:53]} 4. Nf3
{[%clk 1:32:11]} Nbd7 {[%clk 1:32:17]} 5. Bc4 {[%clk 1:32:37]} Be7
{[%clk 1:32:40]} 6. O-O {[%clk 1:33:03]} O-O {[%clk 1:32:49]} 7. a4
{[%clk 1:33:22]} c6 {[%clk 1:33:14]} 8. Re1 {[%clk 1:33:45]} h6 {[%clk 1:33:29]}
9. h3 {[%clk 1:31:37]} Re8 {[%clk 1:33:02]} 10. Ba2 {[%clk 1:27:23]} Qc7
{[%clk 1:33:06]} 11. Be3 {[%clk 1:22:54]} Nf8 {[%clk 1:33:14]} 12. Qd2
{[%clk 1:17:55]} Ng6 {[%clk 1:28:40]} 13. dxe5 {[%clk 1:05:28]} dxe5
{[%clk 1:22:48]} 14. Bxh6 {[%clk 1:04:40]} Bb4 {[%clk 0:56:00]} 15. Bg5
{[%clk 0:41:37]} Nh5 {[%clk 0:49:58]} 16. Red1 {[%clk 0:37:09]} Qa5
{[%clk 0:47:53]} 17. Bd8 {[%clk 0:31:00]} Qc5 {[%clk 0:44:12]} 18. Ng5
{[%clk 0:28:56]} Rf8 {[%clk 0:38:20]} 19. Bc7 {[%clk 0:28:20]} Qe7
{[%clk 0:34:20]} 20. Bd8 {[%clk 0:14:56]} Qc5 {[%clk 0:32:39]} 21. Qe2
{[%clk 0:11:35]} Nhf4 {[%clk 0:29:37]} 22. Qc4 {[%clk 0:11:55]} Qxc4
{[%clk 0:29:12]} 23. Bxc4 {[%clk 0:12:22]} b5 {[%clk 0:13:41]} 24. axb5
{[%clk 0:12:14]} Bxc3 {[%clk 0:14:02]} 25. bxc3 {[%clk 0:09:26]} cxb5
{[%clk 0:14:26]} 26. Bxb5 {[%clk 0:09:42]} Bxh3 {[%clk 0:13:55]} 27. gxh3
{[%clk 0:09:46]} Raxd8 {[%clk 0:14:05]} 28. Rxd8 {[%clk 0:10:08]} Rxd8
{[%clk 0:14:34]} 29. Rxa7 {[%clk 0:10:21]} Rc8 {[%clk 0:14:01]} 30. c4
{[%clk 0:04:57]} f6 {[%clk 0:14:07]} 31. Ne6 {[%clk 0:05:14]} Kh7
{[%clk 0:10:32]} 32. Nxg7 {[%clk 0:05:03]} Kh6 {[%clk 0:10:04]} 33. Nf5+
{[%clk 0:05:14]} Kg5 {[%clk 0:10:27]} 34. Kh2 {[%clk 0:03:04]} Rd8
{[%clk 0:10:20]} 35. Kg3 {[%clk 0:02:59]} Ne2+ {[%clk 0:03:20]} 36. Kf3
{[%clk 0:03:10]} Ng1+ {[%clk 0:03:22]} 37. Ke3 {[%clk 0:01:48]} Rd1
{[%clk 0:01:37]} 38. Rg7 {[%clk 0:01:03]} Nxh3 {[%clk 0:01:08]} 39. Be8
{[%clk 0:01:13]} Re1+ {[%clk 0:01:14]} 40. Kd2 {[%clk 0:31:24]} Rxe4
{[%clk 0:31:42]} 41. Bxg6 {[%clk 0:31:24]} Kf4 {[%clk 0:31:51]} 42. Ne3
{[%clk 0:22:58]} Rd4+ {[%clk 0:31:56]} 43. Ke2 {[%clk 0:23:16]} e4
{[%clk 0:24:12]} 44. Bf5 {[%clk 0:18:27]} 1-0

[Event "World Chess Olympiad 2018"]
[Site "Batumi"]
[Date "2018.10.01"]
[Round "7"]
[Board "4"]
[WhiteFideId "5302803"]
[White "Al Kaoury Mahdi"]
[BlackFideId "509825"]
[Black "Keinanen Toivo"]
[Result "0-1"]
[LiveChessVersion "1.4.8"]
[BlackElo "2402"]
[WhiteElo "2106"]

1. c4 {[%clk 1:30:56]} e6 {[%clk 1:29:29]} 2. Nc3 {[%clk 1:31:03]} d5
{[%clk 1:29:30]} 3. d4 {[%clk 1:30:23]} Be7 {[%clk 1:29:53]} 4. Nf3
{[%clk 1:29:36]} Nf6 {[%clk 1:30:16]} 5. Bg5 {[%clk 1:29:59]} h6 {[%clk 1:30:23]}
6. Bh4 {[%clk 1:27:47]} O-O {[%clk 1:29:12]} 7. e3 {[%clk 1:28:14]} b6
{[%clk 1:29:23]} 8. cxd5 {[%clk 1:28:22]} Nxd5 {[%clk 1:24:09]} 9. Bxe7
{[%clk 1:28:46]} Qxe7 {[%clk 1:22:44]} 10. Nxd5 {[%clk 1:24:58]} exd5
{[%clk 1:23:11]} 11. Be2 {[%clk 1:25:24]} Be6 {[%clk 1:17:32]} 12. O-O
{[%clk 1:25:03]} c5 {[%clk 1:15:37]} 13. dxc5 {[%clk 1:25:00]} bxc5
{[%clk 1:15:28]} 14. Rc1 {[%clk 1:25:07]} Nd7 {[%clk 1:12:02]} 15. Qc2
{[%clk 1:17:55]} Rab8 {[%clk 1:08:00]} 16. Rfd1 {[%clk 1:16:58]} Rfc8
{[%clk 1:07:12]} 17. Rd2 {[%clk 1:16:49]} Nf6 {[%clk 1:05:15]} 18. Qa4
{[%clk 1:13:52]} Ne4 {[%clk 1:00:44]} 19. Rdc2 {[%clk 1:12:59]} Bf5
{[%clk 1:00:12]} 20. Bd3 {[%clk 1:11:38]} c4 {[%clk 0:54:28]} 21. Bxe4
{[%clk 1:02:33]} Bxe4 {[%clk 0:54:37]} 22. Rd2 {[%clk 1:03:00]} Bxf3
{[%clk 0:53:57]} 23. gxf3 {[%clk 1:01:32]} Qg5+ {[%clk 0:49:26]} 24. Kf1
{[%clk 1:00:23]} Qf6 {[%clk 0:48:40]} 25. Qd7 {[%clk 0:56:21]} Rd8
{[%clk 0:43:02]} 26. Qc7 {[%clk 0:53:51]} Qxf3 {[%clk 0:40:39]} 27. Rxc4
{[%clk 0:54:15]} Qh3+ {[%clk 0:37:36]} 28. Ke1 {[%clk 0:54:42]} Rbc8
{[%clk 0:32:43]} 29. Rxd5 {[%clk 0:54:44]} Rf8 {[%clk 0:26:55]} 30. Qf4
{[%clk 0:54:05]} Rxc4 {[%clk 0:25:38]} 31. Qxc4 {[%clk 0:53:52]} Qxh2
{[%clk 0:25:52]} 32. Rd7 {[%clk 0:50:06]} Qh1+ {[%clk 0:25:07]} 33. Ke2
{[%clk 0:50:27]} Qh5+ {[%clk 0:25:17]} 34. Ke1 {[%clk 0:50:46]} Qf5
{[%clk 0:23:53]} 35. Qd3 {[%clk 0:48:00]} Qa5+ {[%clk 0:22:44]} 36. Ke2
{[%clk 0:47:01]} Qxa2 {[%clk 0:22:54]} 37. Qd4 {[%clk 0:47:25]} Qa6+
{[%clk 0:21:32]} 38. Qd3 {[%clk 0:47:32]} Qb6 {[%clk 0:20:17]} 39. b3
{[%clk 0:47:30]} Qc5 {[%clk 0:15:28]} 40. Rd5 {[%clk 1:17:17]} Qa3
{[%clk 0:43:02]} 41. Rd7 {[%clk 1:13:48]} Qb2+ {[%clk 0:38:10]} 42. Kf1
{[%clk 1:14:05]} Qc1+ {[%clk 0:38:18]} 43. Kg2 {[%clk 1:14:24]} Qc6+
{[%clk 0:38:26]} 44. Qd5 {[%clk 1:14:38]} Qg6+ {[%clk 0:37:08]} 45. Kf1
{[%clk 1:14:50]} Rc8 {[%clk 0:33:45]} 46. Qd3 {[%clk 1:09:43]} Rc1+
{[%clk 0:32:30]} 0-1

[Event "World Chess Olympiad 2018"]
[Site "Batumi"]
[Date "2018.10.01"]
[Round "7"]
[Board "1"]
[WhiteFideId "4900847"]
[White "Batchuluun Tsegmed"]
[BlackFideId "3901211"]
[Black "Iturrizaga Bonelli Eduardo"]
[Result "1/2-1/2"]
[LiveChessVersion "1.4.8"]
[BlackElo "2636"]
[WhiteElo "2570"]

1. d4 {[%clk 1:30:57]} Nf6 {[%clk 1:30:44]} 2. c4 {[%clk 1:31:21]} e6
{[%clk 1:31:00]} 3. Nf3 {[%clk 1:31:44]} b6 {[%clk 1:27:27]} 4. g3
{[%clk 1:32:04]} Bb7 {[%clk 1:27:33]} 5. Bg2 {[%clk 1:32:25]} Bb4+
{[%clk 1:22:10]} 6. Bd2 {[%clk 1:31:55]} a5 {[%clk 1:22:14]} 7. a3
{[%clk 1:24:57]} Bxd2+ {[%clk 1:22:03]} 8. Qxd2 {[%clk 1:25:21]} a4
{[%clk 1:22:31]} 9. O-O {[%clk 1:21:22]} O-O {[%clk 1:21:51]} 10. Nc3
{[%clk 1:20:46]} Ne4 {[%clk 1:20:58]} 11. Nxe4 {[%clk 1:14:12]} Bxe4
{[%clk 1:21:22]} 12. Rac1 {[%clk 1:14:05]} Qc8 {[%clk 1:13:11]} 13. Qf4
{[%clk 1:06:33]} Bb7 {[%clk 1:08:37]} 14. e4 {[%clk 0:57:35]} Ra5
{[%clk 1:05:00]} 15. Rfd1 {[%clk 0:56:04]} d6 {[%clk 1:01:12]} 16. e5
{[%clk 0:39:01]} Bxf3 {[%clk 0:33:18]} 17. Bxf3 {[%clk 0:39:20]} dxe5
{[%clk 0:33:42]} 18. dxe5 {[%clk 0:39:46]} Rc5 {[%clk 0:24:02]} 19. Qd4
{[%clk 0:37:02]} Qe8 {[%clk 0:23:43]} 20. Rc3 {[%clk 0:33:42]} Nc6
{[%clk 0:20:44]} 21. Bxc6 {[%clk 0:33:19]} Qxc6 {[%clk 0:21:08]} 22. f4
{[%clk 0:32:53]} h6 {[%clk 0:20:21]} 23. Qd7 {[%clk 0:24:09]} Qxd7
{[%clk 0:18:54]} 24. Rxd7 {[%clk 0:24:33]} f6 {[%clk 0:19:22]} 25. exf6
{[%clk 0:24:12]} Rxf6 {[%clk 0:19:48]} 26. Rd8+ {[%clk 0:18:02]} Rf8
{[%clk 0:17:39]} 27. Rxf8+ {[%clk 0:16:22]} Kxf8 {[%clk 0:18:04]} 28. Kf2
{[%clk 0:16:37]} Ke7 {[%clk 0:17:25]} 29. Ke3 {[%clk 0:16:55]} e5
{[%clk 0:16:25]} 30. fxe5 {[%clk 0:12:05]} Rxe5+ {[%clk 0:16:14]} 31. Kd4
{[%clk 0:12:27]} Kd6 {[%clk 0:15:56]} 32. Rc2 {[%clk 0:11:48]} Re1
{[%clk 0:11:17]} 1/2-1/2

[Event "World Chess Olympiad 2018"]
[Site "Batumi"]
[Date "2018.10.01"]
[Round "7"]
[Board "2"]
[WhiteFideId "3902501"]
[White "Zavarce Sayago Oscar Enrique"]
[BlackFideId "4901541"]
[Black "Bilguun Sumiya"]
[Result "0-1"]
[LiveChessVersion "1.4.8"]
[BlackElo "2489"]
[WhiteElo "2346"]

1. e4 {[%clk 1:30:57]} c5 {[%clk 1:30:54]} 2. Nf3 {[%clk 1:31:18]} e6
{[%clk 1:31:18]} 3. d4 {[%clk 1:31:42]} cxd4 {[%clk 1:31:41]} 4. Nxd4
{[%clk 1:32:06]} a6 {[%clk 1:32:05]} 5. c4 {[%clk 1:31:44]} Nf6 {[%clk 1:32:25]}
6. Nc3 {[%clk 1:32:08]} Qc7 {[%clk 1:32:36]} 7. Be2 {[%clk 1:32:32]} Bb4
{[%clk 1:33:00]} 8. Qd3 {[%clk 1:32:55]} O-O {[%clk 1:33:17]} 9. O-O
{[%clk 1:18:54]} d6 {[%clk 1:33:36]} 10. f3 {[%clk 1:01:22]} Nbd7
{[%clk 1:28:07]} 11. Be3 {[%clk 0:55:13]} Ne5 {[%clk 1:18:50]} 12. Qd2
{[%clk 0:45:29]} Nxc4 {[%clk 1:04:38]} 13. Bxc4 {[%clk 0:45:51]} Qxc4
{[%clk 1:04:54]} 14. Rac1 {[%clk 0:45:43]} e5 {[%clk 1:01:00]} 15. Nde2
{[%clk 0:29:29]} Be6 {[%clk 0:59:16]} 16. a3 {[%clk 0:27:54]} Bc5
{[%clk 0:58:39]} 17. Rfd1 {[%clk 0:18:38]} Qb3 {[%clk 0:47:07]} 18. Bxc5
{[%clk 0:08:46]} dxc5 {[%clk 0:47:27]} 19. Nd5 {[%clk 0:07:58]} Bxd5
{[%clk 0:44:21]} 20. exd5 {[%clk 0:08:18]} Rfd8 {[%clk 0:26:48]} 21. Rxc5
{[%clk 0:00:56]} Qb6 {[%clk 0:16:17]} 22. Qe3 {[%clk 0:00:42]} Rxd5
{[%clk 0:14:24]} 23. Rdxd5 {[%clk 0:00:56]} Nxd5 {[%clk 0:14:39]} 24. Qf2
{[%clk 0:00:33]} Rd8 {[%clk 0:14:14]} 25. g3 {[%clk 0:00:32]} Qxb2
{[%clk 0:13:37]} 26. Kg2 {[%clk 0:00:32]} h6 {[%clk 0:13:25]} 27. a4
{[%clk 0:00:32]} Nb4 {[%clk 0:11:28]} 28. Qe3 {[%clk 0:01:01]} Nc6
{[%clk 0:11:07]} 0-1

[Event "World Chess Olympiad 2018"]
[Site "Batumi"]
[Date "2018.10.01"]
[Round "7"]
[Board "3"]
[WhiteFideId "4901266"]
[White "Munkhgal Gombosuren"]
[BlackFideId "3902480"]
[Black "Vivas Zamora Fabian Ernesto"]
[Result "0-1"]
[LiveChessVersion "1.4.8"]
[BlackElo "2363"]
[WhiteElo "2452"]

1. d4 {[%clk 1:30:57]} Nf6 {[%clk 1:30:48]} 2. Nf3 {[%clk 1:31:17]} g6
{[%clk 1:30:58]} 3. c4 {[%clk 1:31:06]} Bg7 {[%clk 1:31:21]} 4. Nc3
{[%clk 1:31:33]} d5 {[%clk 1:31:38]} 5. Bg5 {[%clk 1:31:32]} Ne4 {[%clk 1:31:43]}
6. Bh4 {[%clk 1:31:58]} Nxc3 {[%clk 1:31:52]} 7. bxc3 {[%clk 1:32:25]} dxc4
{[%clk 1:32:16]} 8. e3 {[%clk 1:32:15]} b5 {[%clk 1:32:16]} 9. a4
{[%clk 1:32:22]} c6 {[%clk 1:32:29]} 10. Be2 {[%clk 1:32:03]} O-O
{[%clk 1:31:33]} 11. Nd2 {[%clk 1:32:01]} a6 {[%clk 1:31:36]} 12. Bf3
{[%clk 1:30:43]} Bb7 {[%clk 1:31:25]} 13. Ne4 {[%clk 1:30:30]} Re8
{[%clk 1:31:22]} 14. Nc5 {[%clk 1:20:00]} Qc8 {[%clk 1:30:59]} 15. O-O
{[%clk 1:02:54]} Nd7 {[%clk 1:13:37]} 16. Nxb7 {[%clk 0:53:55]} Qxb7
{[%clk 1:14:04]} 17. d5 {[%clk 0:50:43]} Ne5 {[%clk 0:59:19]} 18. dxc6
{[%clk 0:51:06]} Nxc6 {[%clk 0:55:08]} 19. Qd5 {[%clk 0:38:21]} Rac8
{[%clk 0:53:39]} 20. Rab1 {[%clk 0:38:13]} e6 {[%clk 0:47:45]} 21. Qc5
{[%clk 0:27:59]} Qa7 {[%clk 0:37:11]} 22. Qa3 {[%clk 0:05:45]} Bf8
{[%clk 0:35:26]} 23. Qa1 {[%clk 0:04:07]} Qc5 {[%clk 0:33:41]} 24. Bf6
{[%clk 0:01:53]} Rb8 {[%clk 0:23:31]} 25. Rfd1 {[%clk 0:01:24]} Ne5
{[%clk 0:18:16]} 26. Bxe5 {[%clk 0:01:41]} Qxe5 {[%clk 0:18:45]} 27. Bc6
{[%clk 0:00:46]} Rec8 {[%clk 0:18:26]} 28. axb5 {[%clk 0:00:44]} axb5
{[%clk 0:18:39]} 29. Qa6 {[%clk 0:00:38]} Qc5 {[%clk 0:16:00]} 30. Bd7
{[%clk 0:00:32]} Rd8 {[%clk 0:15:45]} 31. Qc6 {[%clk 0:00:36]} Rb6
{[%clk 0:14:04]} 32. Qxc5 {[%clk 0:00:41]} Bxc5 {[%clk 0:14:32]} 33. Kf1
{[%clk 0:00:40]} Kf8 {[%clk 0:13:05]} 34. Ke2 {[%clk 0:00:48]} Rdb8
{[%clk 0:13:23]} 35. e4 {[%clk 0:00:31]} Ke7 {[%clk 0:13:13]} 36. Ra1
{[%clk 0:00:32]} Bd6 {[%clk 0:09:22]} 37. Ra7 {[%clk 0:00:39]} R8b7
{[%clk 0:09:37]} 38. Rxb7 {[%clk 0:01:03]} Rxb7 {[%clk 0:10:05]} 39. Bc6
{[%clk 0:01:08]} Rb6 {[%clk 0:10:34]} 40. Ba8 {[%clk 0:30:44]} Be5
{[%clk 0:40:55]} 41. Ra1 {[%clk 0:27:40]} Bxc3 {[%clk 0:41:07]} 42. Ra7+
{[%clk 0:28:06]} Kf8 {[%clk 0:38:54]} 43. f4 {[%clk 0:27:14]} b4 {[%clk 0:36:14]}
44. e5 {[%clk 0:27:34]} b3 {[%clk 0:36:37]} 45. Be4 {[%clk 0:27:59]} Bb2
{[%clk 0:36:51]} 46. g4 {[%clk 0:23:01]} c3 {[%clk 0:37:04]} 47. f5
{[%clk 0:23:28]} gxf5 {[%clk 0:36:14]} 48. gxf5 {[%clk 0:23:56]} exf5
{[%clk 0:36:24]} 49. Bd5 {[%clk 0:24:18]} c2 {[%clk 0:36:13]} 50. Rxf7+
{[%clk 0:24:43]} Ke8 {[%clk 0:36:39]} 0-1

[Event "World Chess Olympiad 2018"]
[Site "Batumi"]
[Date "2018.10.01"]
[Round "7"]
[Board "4"]
[WhiteFideId "4401859"]
[White "Palencia Morales Wilson Guillermo"]
[BlackFideId "4900774"]
[Black "Nasanjargal Urtnasan"]
[Result "0-1"]
[LiveChessVersion "1.4.8"]
[BlackElo "2470"]
[WhiteElo "2345"]

1. d4 {[%clk 1:30:57]} Nf6 {[%clk 1:30:52]} 2. Nf3 {[%clk 1:31:21]} g6
{[%clk 1:30:46]} 3. Nc3 {[%clk 1:31:24]} d5 {[%clk 1:30:55]} 4. Bg5
{[%clk 1:31:44]} Bg7 {[%clk 1:31:13]} 5. Bxf6 {[%clk 1:32:07]} exf6
{[%clk 1:31:30]} 6. e3 {[%clk 1:32:32]} O-O {[%clk 1:31:45]} 7. h4
{[%clk 1:32:06]} Re8 {[%clk 1:27:22]} 8. Ne2 {[%clk 1:31:52]} Qd6
{[%clk 1:10:34]} 9. Qd2 {[%clk 1:29:03]} Nd7 {[%clk 1:09:33]} 10. O-O-O
{[%clk 1:22:17]} f5 {[%clk 1:08:51]} 11. Nf4 {[%clk 1:21:29]} Nf6
{[%clk 1:08:56]} 12. c4 {[%clk 1:21:13]} c6 {[%clk 0:57:14]} 13. Kb1
{[%clk 1:06:58]} a5 {[%clk 0:56:14]} 14. Qc2 {[%clk 0:55:35]} dxc4
{[%clk 0:52:00]} 15. Bxc4 {[%clk 0:44:28]} b5 {[%clk 0:52:05]} 16. Be2
{[%clk 0:44:36]} Nd5 {[%clk 0:47:55]} 17. Nxd5 {[%clk 0:44:29]} Qxd5
{[%clk 0:48:08]} 18. Ng5 {[%clk 0:43:46]} Bd7 {[%clk 0:43:50]} 19. Bf3
{[%clk 0:39:27]} Qd6 {[%clk 0:44:09]} 20. Nh3 {[%clk 0:32:53]} Rac8
{[%clk 0:20:33]} 21. Nf4 {[%clk 0:32:01]} Qe7 {[%clk 0:20:40]} 22. Qc5
{[%clk 0:18:55]} Qxc5 {[%clk 0:14:58]} 23. dxc5 {[%clk 0:19:20]} Re7
{[%clk 0:15:15]} 24. Rd3 {[%clk 0:12:24]} Be8 {[%clk 0:15:16]} 25. Rhd1
{[%clk 0:12:35]} Bf8 {[%clk 0:15:08]} 26. Rd8 {[%clk 0:12:00]} Rec7
{[%clk 0:15:22]} 27. Rxc8 {[%clk 0:10:13]} Rxc8 {[%clk 0:15:39]} 28. Nd3
{[%clk 0:09:37]} Kg7 {[%clk 0:12:39]} 29. Kc2 {[%clk 0:08:05]} h6
{[%clk 0:11:33]} 30. g3 {[%clk 0:08:22]} g5 {[%clk 0:10:59]} 31. hxg5
{[%clk 0:08:29]} hxg5 {[%clk 0:11:20]} 32. a3 {[%clk 0:03:28]} Be7
{[%clk 0:10:29]} 33. e4 {[%clk 0:01:51]} fxe4 {[%clk 0:07:22]} 34. Bxe4
{[%clk 0:02:15]} Rd8 {[%clk 0:06:33]} 35. f3 {[%clk 0:02:06]} Bf6
{[%clk 0:05:29]} 36. g4 {[%clk 0:02:02]} Rd4 {[%clk 0:04:38]} 37. Rh1
{[%clk 0:01:38]} Bd7 {[%clk 0:04:35]} 38. Rh7+ {[%clk 0:01:38]} Kf8
{[%clk 0:04:53]} 39. Rh6 {[%clk 0:01:49]} Ke7 {[%clk 0:05:16]} 40. b3
{[%clk 0:31:00]} b4 {[%clk 0:30:36]} 41. axb4 {[%clk 0:30:50]} axb4
{[%clk 0:30:58]} 42. Rh1 {[%clk 0:27:13]} Bxg4 {[%clk 0:23:48]} 43. Re1
{[%clk 0:27:10]} Be6 {[%clk 0:23:47]} 44. Bxc6 {[%clk 0:27:22]} Rh4
{[%clk 0:19:05]} 45. Re2 {[%clk 0:24:42]} Kd8 {[%clk 0:16:10]} 46. Nf2
{[%clk 0:15:44]} Kc7 {[%clk 0:13:15]} 47. Bb5 {[%clk 0:14:52]} Rf4
{[%clk 0:12:53]} 48. Nd3 {[%clk 0:01:23]} Rxf3 {[%clk 0:13:13]} 49. Re4
{[%clk 0:00:41]} g4 {[%clk 0:08:49]} 50. Rf4 {[%clk 0:00:34]} Bd5
{[%clk 0:06:58]} 51. Rxf3 {[%clk 0:00:36]} Bxf3 {[%clk 0:07:24]} 52. Nxb4
{[%clk 0:00:41]} Be7 {[%clk 0:04:33]} 53. Bf1 {[%clk 0:00:41]} g3
{[%clk 0:03:55]} 54. Nd3 {[%clk 0:01:02]} g2 {[%clk 0:04:05]} 55. Bxg2
{[%clk 0:01:29]} Bxg2 {[%clk 0:04:29]} 56. Kc3 {[%clk 0:01:31]} Bf6+
{[%clk 0:04:33]} 57. Kb4 {[%clk 0:01:47]} Bf1 {[%clk 0:04:27]} 58. Nf4
{[%clk 0:01:23]} Kc6 {[%clk 0:04:46]} 59. Nh5 {[%clk 0:00:54]} Be5
{[%clk 0:05:11]} 0-1